Flowers in the mirror / (Record no. 68825)
[ view plain ]
| 000 -LEADER | |
|---|---|
| fixed length control field | 01006nam a2200277 a 4500 |
| 001 - CONTROL NUMBER | |
| control field | 68825 |
| 003 - CONTROL NUMBER IDENTIFIER | |
| rucl marc code | BD-RjUL |
| 005 - DATE AND TIME OF LATEST TRANSACTION | |
| control field | 20211209081820.0 |
| 008 - FIXED-LENGTH DATA ELEMENTS--GENERAL INFORMATION | |
| fixed length control field | 170406s1965 cau 000 1 engx |
| 035 ## - SYSTEM CONTROL NUMBER | |
| System control number | (BD-RjUL)69036 |
| 040 ## - CATALOGING SOURCE | |
| Original cataloging agency | DLC |
| Transcribing agency | ODaWU |
| Modifying agency | OCoLC |
| -- | DLC |
| -- | BD-RjUL |
| Language of cataloging | eng |
| 041 1# - LANGUAGE CODE | |
| Language code of text/sound track or separate title | engchi |
| 082 ## - DEWEY DECIMAL CLASSIFICATION NUMBER | |
| Edition number | 23 |
| Classification number | 895.1348 |
| Author mark and year | JUF 1965 |
| 100 1# - MAIN ENTRY--PERSONAL NAME | |
| Personal name | Li, Ju-chen, |
| Dates associated with a name | approximately 1763-approximately 1830. |
| 9 (RLIN) | 203955 |
| 245 10 - TITLE STATEMENT | |
| Title | Flowers in the mirror / |
| Statement of responsibility, etc. | by Li Ju-chen ; Translated and edited by Lin Tai-yi. |
| 260 ## - PUBLICATION, DISTRIBUTION, ETC. (IMPRINT) | |
| Place of publication, distribution, etc. | London : |
| Name of publisher, distributor, etc. | Peter Owen, |
| Date of publication, distribution, etc. | c1965. |
| 300 ## - PHYSICAL DESCRIPTION | |
| Pagination | 310 p. ; |
| Size | 24 cm. |
| 490 ## - SERIES STATEMENT | |
| Series statement | UNESCO collection of representative works chinese series. |
| 500 ## - GENERAL NOTE | |
| General note | Translation of Ching hua yรผan (romanized form) |
| 650 ## - SUBJECT ADDED ENTRY--TOPICAL TERM | |
| Topical term or geographic name as entry element | Chinese fiction |
| 9 (RLIN) | 148080 |
| Topical term or geographic name as entry element | Qing Dynasty (China) |
| 9 (RLIN) | 203956 |
| Topical term or geographic name as entry element | Fantasy fiction, Chinese |
| 9 (RLIN) | 203957 |
| 700 1# - ADDED ENTRY--PERSONAL NAME | |
| Personal name | Lin, Tai-yi, |
| Dates associated with a name | 1926- |
| Relator term | tr. and ed. |
| 830 ## - SERIES ADDED ENTRY--UNIFORM TITLE | |
| Uniform title | UNESCO collection of representative works chinese series. |
| 942 ## - ADDED ENTRY ELEMENTS (KOHA) | |
| Source of classification or shelving scheme | Dewey Decimal Classification |
| Koha item type | Books |
| Lost status | Source of classification or shelving scheme | Damaged status | Not for loan | Collection code | Permanent Location | Current Location | Shelving location | Date acquired | Source of acquisition | Cost, normal purchase price | Total Checkouts | Full call number | Date last seen | Copy number | Koha item type |
|---|---|---|---|---|---|---|---|---|---|---|---|---|---|---|---|
| Dewey Decimal Classification | Not For Loan | Fiction | Central Library, University of Rajshahi | Central Library, University of Rajshahi | Reading Room | 08/08/1972 | Book centre | 38.50 | 895.1348 JUF 1965 | 06/04/2017 | C-1 | Books |